header

Itty-Bitty Kitty Rescue (Record no. 265131)

MARC details
000 -LEADER
fixed length control field 00234nam a22000977a 4500
020 ## - INTERNATIONAL STANDARD BOOK NUMBER
ISBN 9780553508840
100 ## - MAIN ENTRY--AUTHOR NAME
Personal name Ursula Ziegler Sullivan ;
245 ## - TITLE STATEMENT
Title Itty-Bitty Kitty Rescue
260 ## - PUBLICATION, DISTRIBUTION, ETC. (IMPRINT)
Place of publication New York
Name of publisher Scholastic
Year of publication 2014
942 ## - ADDED ENTRY ELEMENTS (KOHA)
Koha item type Long Loan Books
Holdings
Withdrawn status Lost status Collection code Home library Current library Shelving location Date acquired Accession Number Koha item type
    Fiction Rongo University Library Rongo University Library Children's Area 12/11/2025 CL20250031 Long Loan Books

© 2026 Rongo University
Contact us: librarian | system librarian | Rongo university